00483nam a2200181Ia 4500003000400000005001700004008004100021020002900062040001700091082002100108100002300129245004800152250001100200260002800211300001700239500001900256650002600275IIN20250529123529.0231217s2023 xx ad 001 0 eng d cRs.795.00a9789354655944 aIINbEnglish a615.1 bUDA1 aUdaykumar, Padmaja1 aPharmacology for Nurses/cPadmaja Udaykumar a5th ed aNew DelhibJaypeec2023 axxiii, 503p. aIncludes Index1 aPharmacologyvNursing